000 01446cam a2200145 4500500
005 20260405005433.0
041 _afre
042 _adc
100 1 0 _aGoestchel, Pascale
_eauthor
700 1 0 _aLoyer, Emmanuelle
_eauthor
245 0 0 _aHistoire culturelle de la France : De la Belle Epoque à nos jours
260 _bArmand Colin,
_c2025.
520 _aLe lecteur d’une "Histoire culturelle de la France de la Belle Époque à nos jours" y découvrira les grands traits de l’évolution des idées, de la littérature et des arts. Il y trouvera aussi une mise en perspective des pratiques culturelles contemporaines : lecture, cinéma ou chanson dits populaires ; moments ludiques et spectacles sportifs ; productions audiovisuelles ; mode et loisirs. Il verra s’y décliner des appropriations multiples. Parallèlement, le livre propose un tour d’horizon des grands champs disciplinaires, à la hiérarchie mouvante, évoque les réseaux qui unissent les représentants du monde intellectuel, met l’accent sur les circulations des idées. Enfin, le XXe voit se mettre en place une politique de la culture, précoce et cohérente, qui apparaît spécifique à la France. Ainsi, cet ouvrage apparaît comme un précieux outil pour le lecteur en quête de repères touchant à la culture contemporaine.
856 4 1 _uhttps://shs.cairn.info/histoire-culturelle-de-la-france--9782200641757?lang=fr&redirect-ssocas=7080
999 _c2083736
_d2083736